00301nam a22000977a 4500008004100000020002900041050001200070082001800082245006600100260003700166150422b xxu||||| |||| 00| 0 eng d a0-13-232620-5cAvailable a621.WAL 2Fifth Edition aApplied Mechanics for Engineering TechnologycWalker Keith M. aNew Jersey bPrentice Hallc1997